00916nam a22002537a 45000010005000000030006000050050017000110080041000280200018000690400029000870500017001160820011001331000028001442450087001722500041002592600036003003000023003365050007003595200201003665210018005675210018005856500027006036500032006306479FISKH20250509103120.0250506b cb ||||| |||| 00| 0 eng d a9781423106135 aFISKHbengcFISKHdFISKH aPZ7.A38424 P a 428.6 aAlfonsi, Aliced(1962-) aHigh school musical stories from east high :bPoetry in motion /cBy Alice Alfonsi aThis edition first published in 2007 aNew York :bDisney Press,c2007 a126 pages :c20 cm aP  aChad doesn't know if he can pull off his English class assignment of reciting an original poem in front of the entire school after remembering his last poetry reading and how embarrassing it was. 8 a650 bLexile 8 aP bRaz-Plus  2JuvenileaChapter book 2High School MusicalaDisney